000 00436nam a2200181Ia 4500
001 44706
008 140428s9999 xx 000 0 und d
020 _aNA
040 _cPK-LaUMT
082 _aRHC 891.4394
_bDAC-
100 _aZahid Ali Khan
245 _aDaccan dais (Urdu)
_cZahid Ali Khan
260 _aHyderabad,India:
_bRosenama Siyasat,
_c1980
300 _a92 p.
546 _aUR
650 _aDaccan-History
942 _cBK
999 _c42686
_d42686